Testes bioquímicos para identificação de bactérias em alimentos (Registro n. 86537)
[ somente texto ]
| 000 -LÍDER | |
|---|---|
| Campo de controle fixo | 00900nam a22003017a 4500 |
| 001 - NÚMERO DE CONTROLE | |
| Número de controle | BR2023001945 |
| 003 - CÓDIGO MARC DA AGÊNCIA CATALOGADORA | |
| Campo de controle | BR-BrBNA |
| 005 - DATA E HORA DA ÚLTIMA ATUALIZAÇÃO | |
| Campo de controle | 20231022132120.0 |
| 008 - CAMPO DE TAMANHO FIXO | |
| Campo fixo de controle | 231022b bl.||||| |||| 00| 0 por d |
| 040 ## - FONTE DA CATALOGAÇÃO | |
| Agência catalogadora | BR-BrBNA |
| Idioma da catalogação | por |
| 041 ## - CÓDIGO DO IDIOMA | |
| Código do Idioma | por |
| 072 ## - CATEGORIA AGRIS | |
| Código da categoria de assunto/objeto | <a href="L60 ; Q03 ; Q04">L60 ; Q03 ; Q04</a> |
| Código do objeto | 4110 |
| 090 ## - NÚMERO DE CHAMADA | |
| Localização na estante | 4110 BR2023001945 |
| 100 ## - ENTRADA PRINCIPAL - NOME PESSOAL | |
| Nome pessoal | Silva, Neusely da |
| 110 ## - ENTRADA PRINCIPAL - ENTIDADE | |
| Nome da entidade ou lugar | Instituto de Tecnologia de Alimentos, Campinas, SP (Brasil). Lab. de Microbiologia de Alimentos |
| 245 ## - TÍTULO PRINCIPAL | |
| Título principal | Testes bioquímicos para identificação de bactérias em alimentos |
| Subtítulo | Informes Técnicos n. 1 |
| 260 ## - IMPRENTA (PUBLICAÇÃO, DISTRIBUIÇÃO, ETC.) | |
| Lugar de publicação, distribuição, etc. | Campinas, SP (Brasil) |
| Data de publicação, distribuição, etc | 1996 |
| 300 ## - DESCRIÇÃO FÍSICA | |
| Extensão | 91 p. |
| 500 ## - NOTA GERAL | |
| Notas gerais | 5 ref. |
| 650 ## - ASSUNTO - THESAGRO | |
| Cabeçalho tópico ou nome geográfico | BACTÉRIA |
| 650 ## - ASSUNTO - THESAGRO | |
| Cabeçalho tópico ou nome geográfico | TAXONOMIA ANIMAL |
| 650 ## - ASSUNTO - THESAGRO | |
| Cabeçalho tópico ou nome geográfico | IDENTIFICAÇÃO |
| 650 ## - ASSUNTO - THESAGRO | |
| Cabeçalho tópico ou nome geográfico | ANÁLISE DE ALIMENTO |
| 650 ## - ASSUNTO - THESAGRO | |
| Cabeçalho tópico ou nome geográfico | ANÁLISE BIOLÓGICA |
| 650 ## - ASSUNTO - THESAGRO | |
| Cabeçalho tópico ou nome geográfico | ANÁLISE QUÍMICA |
| 909 ## - IDENTIFICAÇÃO DO CATALOGADOR | |
| Ano e mês da catalogação (aaaamm) | 202310 |
| Identificação do catalogador | Fernando |
| 942 ## - TIPO ESPECÍFICO | |
| Tipo de material | Livros |
| 952 ## - LOCATION AND ITEM INFORMATION (KOHA) | |
| -- | 2023-10-22 |
| Status de empréstimo | Fonte de classificação | Status de danificação | Não pode ser emprestado | Código da coleção | Localização permanente | Localização atual | Localização na estante | Total Checkouts | Número de chamada | Código de barras | Tipo de material |
|---|---|---|---|---|---|---|---|---|---|---|---|
| Classificação AGRIS | Agrobase | Biblioteca Nacional de Agricultura - Binagri | Biblioteca Nacional de Agricultura - Binagri | Agrobase - Acervo Geral | 4110 BR2023001945 | 2023-436569 | Livros |

BINAGRI